'M' Sorting Gallery Quiz Stats

 Plays Quiz Updated Jun 19, 2019

Support Sporcle.
Go Orange.
Score 0/55 Timer 04:00
2 Plays Today
% Correct
Madagascar
98.2%
Mississippi
94.9%
Minnesota
94.8%
Maldives
94.7%
Massachusetts
94.4%
Mongolia
94.3%
Michigan
94.3%
Maryland
93.7%
Magnesium
93.7%
Monaco
93.6%
Missouri
93.2%
Malta
93%
Moldova
93%
Maine
92.1%
Montana
92%
Mexico City
90.8%
Malawi
90.5%
Myanmar
90.4%
Moscow
90.2%
Montreal
89.6%
Matthew
89.1%
Mali
89%
McKinley
88.9%
Metacarpals
87.8%
Mark
87.8%
Madison
87.7%
Melbourne
87.6%
Munich
87.5%
% Correct
Metatarsals
86.8%
Monroe
86.7%
Meitnerium
85.6%
Mendelevium
85.5%
Mandible
85.1%
Machop
84%
Moscovium
83.6%
Machamp
82%
Mauritius
81.9%
Molybdenum
81.6%
Mercury
81.5%
Manganese
81.5%
Mewtwo
81.5%
Micah
81.1%
Messi
79.4%
Mu
78.4%
Mankey
77.1%
Malleus
76.5%
Maxilla
75.5%
Magmar
75%
Maradona
71.7%
Muk
71.5%
Medial Cuneiform
71.5%
Malachi
70.8%
Metapod
70.5%
Magnemite
64.6%
Moltres
58%

You're not logged in!

Compare scores with friends on all Sporcle quizzes.
OR
Log In

From the Vault

Neither Coke nor Pepsi

by Tasi

Well, what kind of off-brand soda are we all drinking now?
Remove Ads.
Support Sporcle.
Get the best of Sporcle when you Go Orange. This ad-free experience offers more features, more stats, and more fun while also helping to support Sporcle. Thank you for becoming a member.

Show Comments

Extras

Top Quizzes Today


Score Distribution

Your Account Isn't Verified!

In order to create a playlist on Sporcle, you need to verify the email address you used during registration. Go to your Sporcle Settings to finish the process.

Report this User

Report this user for behavior that violates our Community Guidelines.

Details: